000 04480nam a2200373 a 4500
003 CHAP
005 20250116134037.0
007 ta
008 231129s2023 mx ao||fom||| 001 0 spa d
040 _erda
041 _aspa
_beng
100 1 _9188328
_aMéndez García, Alejandro
240 1 0 _aCuniculture, an alternative to reduce hunger and poverty in vulnerable populations.
_lEspañol
245 1 3 _aLa cunicultura, una alternativa para disminuir el hambre y la pobreza en poblaciones vulnerables / Alejandro
_cMéndez García
264 _aChapingo, México :
_bEl autor,
_c2023.
300 _a1 recurso en línea (86 páginas) :
_bilustraciones, tablas, gráficas
336 _2rdacontent
_atexto
_btxt
337 _2rdamedia
_acomputadora
_bc
338 _2rdacarrier
_arecurso en línea
_bcr
502 _bIA
_cAgroindustrias
_d2023.
_gLIC
_aTesis
504 _aBibliografía: páginas 65-75
520 3 _aLas familias vulnerables carecen de acceso regular a suficientes alimentos inocuos y nutritivos para un crecimiento y desarrollo normal y para llevar una vida activa y saludable, esto puede deberse a la falta de disponibilidad de alimentos y/o a la falta de recursos para obtenerlos. Entre las manifestaciones de la pobreza figuran el hambre, la malnutrición, la falta de una vivienda digna, etc. Una de las causas más comunes de la pobreza se encuentra las deficiencias nutricionales en la alimentación, por no contar con los recursos necesarios para obtener alimentos de calidad como de un gran valor nutricional, llevando a un empeoramiento de la calidad de vida y situación de pobreza de estas familias. Se elaboraron propuestas para implementar la cunicultura en familias vulnerables con el fin de aprovechar las bondades que esta actividad aporta, para reducir la pobreza y el hambre mediante la transformación tecnológica de la carne en productos embutidos para consumo o venta como jamón, salchicha, chorizo y pate., por las cualidades nutrimentales que esta carne aporta. Empezando con la interrogante ¿Es la cunicultura una opción viable para disminuir el hambre y la pobreza en poblaciones vulnerables?. Así también se elaboraron propuestas de cómo aprovechar la piel de este animal en la elaboración de artículos como patitas de conejo de la buena suerte, porta celulares, billeteras, mochilas, gorras, llaveros y abrigos, para poder abrir pasó en el mercado con estos productos generando ingresos a las familias vulnerables mejorando con la venta de estos productos su estabilidad económica.
520 3 _aVulnerable families lack regular access to sufficient safe and nutritious food for normal growth and development and to lead an active and healthy life; this may be due to the lack of availability of food and/or the lack of resources to obtain it. Among the manifestations of poverty are hunger, malnutrition, lack of decent housing, etc. One of the most common causes of poverty is nutritional deficiencies in food, due to not having the necessary resources to obtain quality food with great nutritional value, leading to a worsening of the quality of life and poverty of these families. Proposals were prepared to implement rabbit farming in vulnerable families in order to take advantage of the benefits that this activity brings, to reduce poverty and hunger through the technological transformation of meat into sausage products for consumption or sale such as ham, sausage, chorizo and pate for the nutritional qualities that this meat provides. Likewise, proposals were also made on how to use the skin of this animal in the production of items such as rabbit legs for good luck, cell phone holders, wallets, backpacks, caps, keychains and coats, in order to open a market with these products generating income for vulnerable families, improving their economic stability with the sale of these products.
650 1 3 _926352
_aConejos
_xIndustria y comercio
_2atg
650 1 3 _926352
_aConejos
_2atg
650 1 3 _919140
_aCarne de conejo
_xIndustria y comercio
_2atg
650 1 3 _9152436
_aRabbits
_xIndustry and trade
_2atg
650 1 3 _9148598
_aRabbit meat
_xIndustry and trade
_2atg
700 1 _96504
_aAranda Osorio, Gilberto
_edirector
700 1 _9147338
_aReyna Izaguirre, Diana América
_easesora
700 1 _9148600
_aMartínez Mosqueda, Francisco
_easesor
856 4 0 _uhttp://10.13.5.2/tesis/tl/1211571-5_MENDEZ_GARCIA_ALEJANDRO.pdf
_yDESCARGAR PDF
942 _2Clasificación Universidad Autónoma Chapingo
_cTD
999 _c219471
_d219471